000 00838cam a2200265 a 4500
999 _c5955
_d5955
001 120331
003 GBCCL
005 20241126110553.0
008 800311s1979 cau b 000 0 eng d
029 1 _aNLGGC
_b189886870
035 _a(OCoLC)ocm06068413
040 _aIFB
_cIFB
_dSDN
_dLBB
049 _aLBBK
_aLBBC
_c1-2
082 _a220.13
_bBOI
090 _aBS480
_b.B55 1979
092 _a220.1
_bB67d
100 1 _aBoice, James Montgomery
_d1938-
_99420
245 1 0 _aDoes inerrancy matter? /
_cJames Montgomery Boice ; foreword by J.I. Packer.
260 _aOakland, Calif. :
_bInternational Council on Biblical Inerrancy,
_cc1979.
300 _a28 p. ;
_c22 cm.
440 _aICBI foundation
_v1
_910767
504 _aIncludes bibliographical references.
630 0 0 _aBible
_xEvidences, authority, etc.
_9351
942 _2ddc
_cBK
_01